000 00843nam a2200253 a 4500
999 _c7758
_d7758
001 7758
003 BD-JhCC
005 20181006125508.0
008 180213s2007 bg |||| |||a 000 0 ben d
020 _a9844105625
035 _a(BD-JhCC)7758
040 _aBD-JhCC
_dBD-JhCC
041 _aben
082 _a155.8497009
_bANT 2007
245 _aঅন্তরদৃষ্টি :
_bমন ও মানসিক স্বাস্থ্য বিষয়ক রচনা সংকলন /
_cফৌজিয়া খান সম্পাদিত
260 _aঢাকা :
_bমাওলা ব্রাদার্স ;
_c2007 .
300 _a231 p. :
_c21 cm.
651 _aEthopsychology
651 _aPsychology
651 _aMental Health
700 _aখান, ফৌজিয়া
942 _2lcc
_cBK